| 000 | 01169nam a2200325 a 4500 | ||
|---|---|---|---|
| 001 | vtls001361525 | ||
| 003 | NLI | ||
| 005 | 20210627081715.0 | ||
| 008 | 120625s1971 dcua f000 0 eng | ||
| 039 | 9 |
_y201206251838 _zVLOAD |
|
| 040 |
_aNLI _beng _cDatasoft_FOD_6 _eAACR2 |
||
| 041 | 0 | _aeng | |
| 044 | _a dcu | ||
| 082 | 0 | 4 | _a 343.73096 |
| 110 | 1 |
_aUnited States. _bNational Aeronautics and Space Administration _9709661 |
|
| 245 | 1 | 0 |
_aMariner-venus, 1967 : _bfinal project report / _cUnited States, National Aeronautics and Space Administration |
| 260 |
_aWashington, D. C. : _bNational Aeronautics and Space Administration, _c1971 |
||
| 300 |
_ax, 301 p. : _bill. ; _c26 cm. |
||
| 440 | 0 |
_aNASA SP-190 _9836905 |
|
| 610 | 2 | 0 |
_aProject Mariner (U.S.) _9710126 |
| 650 | 0 |
_aMaritime Law _zUnited States _9708387 |
|
| 650 | 0 |
_aMerchant mariners _xLaw and legislation _zUnited States |
|
| 650 | 0 |
_aMarine transportation _xLaw and legislation _zUnited States |
|
| 887 | _a | ||
| 901 |
_aAD 745 _b10.11.1973 _91967 |
||
| 902 | _aU.S 343.73096 Un 3 | ||
| 904 | _l1372 | ||
| 949 |
_AVIRTUAITEM _D10002 _X100 _6FOD000000745ENG _91967 |
||
| 942 |
_2ddc _cBKS |
||
| 999 |
_aVIRTUA40 _c722012 _d722012 |
||